Distances - Sydney Public Transport Extremes - Statistics

General Stats
  • This quiz has been taken 29 times
  • The average score is 12 of 22
Answer Stats
Question Answer % Correct
Longest Gap on Sydney Ferries Circular Quay to Manly
86%
Longest Metro Route (Includes Under Construction) Northwest, City & Southwest
82%
Longest Sydney Trains Route T1
82%
Longest Light Rail Route (Sydney and Newcastle) L1
79%
Shortest Sydney Trains Route T7
71%
Shortest Light Rail Route (Sydney & Newcastle) NLR
68%
Shortest Metro Route (Includes Under Construction) Western Sydney Airport
68%
Shortest Gap on Light Rail (Sydney & Newcastle) Town Hall to QVB
61%
Longest Sydney Ferries Route F3
57%
Shortest Sydney Ferries Route F10
54%
Longest Gap on Sydney Trains (not including express services) Holsworthy to Glenfield
54%
Shortest Gap on Sydney Metro (Includes Under Construction) Martin Place to Gadigal
54%
Longest Gap on Light Rail (Sydney & Newcastle) Carlingford to Telopea
43%
Shortest Sydney Buses Route 342
39%
Shortest Intercity Route CCN
39%
Longest Gap on Sydney Metro (Includes Under Construction) Sydney Olympic Park to Parramatta
39%
Longest Gap on Sydney Buses 887 - Between Nth Wollongong and Cataract
36%
Longest Sydney Buses Route 887
32%
Longest Gap on Intercity (not including suburban express running) Singleton to Muswellbrook
32%
Longest Intercity Route BMT
25%
Shortest Gap on Sydney Ferries Neutral Bay to Kurraba Point
25%
Shortest Gap on Sydney Trains Tempe to Wolli Creek
25%
No matching quizzes found
Score Distribution
Percent of People with Each Score
Percentile by Number Answered
Your Score History
You have not taken this quiz